000 00651nam a2200193 a 4500
001 000037192
005 20200930080209.0
008 120229s1984 mx 000 0 spa d
020 _a96815875
040 _aDO-SdBNP
_bspa
_cBNPHU
082 _axxxx
_bH585o
100 1 _aHesnard, A.
_963603
240 1 3 _aL´Oeuvre de Freud
_lEspañol
245 1 3 _aLa obra de Freud :
_by su importancia para el mundo moderno /
_cA. Hesnard; traducción de Magdalena Noriega Ezcurdia.
260 _aMéxico :
_bFondo de Cultura Económica,
_c1984.
300 _a348 p. ;
_c22 cm.
500 _aSegunda reimpresión
700 1 _aNoriega Ezcurdia, Magdalena
_etr.
_963604
999 _c36682
_d36682